000 00466nam a22001817a 4500
003 MPLRDC
005 20220104124046.0
008 210129b ||||| |||| 00| 0 eng d
082 _a889 LMSJ v.1032
100 _a海伦. 迈尔斯
245 _a遗失的心事
_c徐林译
250 _a初版
260 _a
_b骏马文化公司
_c1989
300 _b
490 _a罗曼史集. 1032
650 _a西洋小说之中文翻译
942 _cBK
_o889 LMSJ v.1032
999 _c16315
_d16305